| 000 | 00656nam a2200229 i 4500 | ||
|---|---|---|---|
| 001 | 11572 | ||
| 003 | ES-MaACL | ||
| 005 | 20230906150129.0 | ||
| 007 | t| | ||
| 008 | 920911s1994 sp a |||| | spa d | ||
| 020 | _a84-7764-348-2 | ||
| 080 | _a7:069(450.52 F.) | ||
| 100 | 1 |
_aMicheletti, Emma. _980922 |
|
| 245 | 1 | 0 |
_aMuseos de Florencia / _cEmma Micheletti. |
| 260 |
_aBarcelona : _bOcéano, _c[1994] |
||
| 300 |
_a238 p : _bprincipalmente il ; _c31 cm. |
||
| 490 | 1 | _aGrandes museos del mundo | |
| 650 | 4 |
_aMuseos de arte- _zFlorencia. _915372 |
|
| 830 | 0 |
_aGrandes museos del mundo _9179157 |
|
| 852 |
_aES-MaACL _jL-18891 |
||
| 999 |
_c11572 _d11572 |
||